Modernising the planning system (Record no. 112764)
[ view plain ]
| 000 -LEADER | |
|---|---|
| fixed length control field | 01023cad a22002055a 4500 |
| 001 - CONTROL NUMBER | |
| control field | E153916 |
| 008 - FIXED-LENGTH DATA ELEMENTS--GENERAL INFORMATION | |
| fixed length control field | 110920s2011 xxk f 000 0 eng d |
| 020 ## - INTERNATIONAL STANDARD BOOK NUMBER | |
| International Standard Book Number | 9781907916335 |
| 035 ## - SYSTEM CONTROL NUMBER | |
| System control number | (Sirsi) u153916 |
| 041 0# - LANGUAGE CODE | |
| Language code of text/sound track or separate title | eng |
| 110 2# - MAIN ENTRY--CORPORATE NAME | |
| Corporate name or jurisdiction name as entry element | Audit Scotland |
| 9 (RLIN) | 3963 |
| 245 00 - TITLE STATEMENT | |
| Title | Modernising the planning system |
| Medium | [electronic resource] |
| 260 ## - PUBLICATION, DISTRIBUTION, ETC. | |
| Place of publication, distribution, etc. | Edinburgh |
| Name of publisher, distributor, etc. | Audit Scotland |
| Date of publication, distribution, etc. | 2011 |
| 520 ## - SUMMARY, ETC. | |
| Summary, etc. | A performance audit carried out to assess the effectiveness of recent planning reforms, to see whether they are making the system more efficient and cost effective. Also looks at public sector progress in implementing the changes, and the effect of the changes on the assessment of planning applications by local authorities. |
| 590 ## - LOCAL NOTE (RLIN) | |
| Local note | KA NTK |
| 651 #4 - SUBJECT ADDED ENTRY--GEOGRAPHIC NAME | |
| Geographic name | Scotland |
| Chronological subdivision | 1999- |
| 690 ## - LOCAL SUBJECT ADDED ENTRY--TOPICAL TERM (OCLC, RLIN) | |
| Topical term or geographic name as entry element | ENVIRONMENTAL AND LAND CONSULTANCY-PLANNING AND DEVELOPMENT |
| 856 40 - ELECTRONIC LOCATION AND ACCESS | |
| Uniform Resource Identifier | <a href="https://www.audit-scotland.gov.uk/docs/central/2011/nr_110915_modernising_planning.pdf">https://www.audit-scotland.gov.uk/docs/central/2011/nr_110915_modernising_planning.pdf</a> |
| Public note | View the report free of charge at www.audit-scotland.gov.uk |
| 942 ## - ADDED ENTRY ELEMENTS (KOHA) | |
| Suppress in OPAC | 0 |
| Withdrawn status | Lost status | Source of classification or shelving scheme | Damaged status | Not for loan | Home library | Current library | Shelving location | Date acquired | Total Checkouts | Full call number | Barcode | Date last seen | Copy number | Price effective from | Koha item type |
|---|---|---|---|---|---|---|---|---|---|---|---|---|---|---|---|
| Dewey Decimal Classification | Virtual | Virtual | Online | 20/09/2011 | ONLINE PUBLICATION | 153916-2001 | 06/08/2019 | 1 | 06/08/2019 | Book |